Introduccion a la ecologia/ (Registro nro. 8806)

Detalles MARC
000 -LEADER
fixed length control field 00786nam a2200193Ia 4500
005 - FECHA Y HORA DE LA ÚLTIMA TRANSACCIÓN
control field 20230809161301.0
008 - FIXED-LENGTH DATA ELEMENTS--GENERAL INFORMATION
fixed length control field 230809s9999 xx 000 0 und d
020 ## - INTERNATIONAL STANDARD BOOK NUMBER
International Standard Book Number 9681803450
040 ## - CATALOGING SOURCE
Original cataloging agency UPAN
Transcribing agency Biblioteca San Vicente
Description conventions RCAA2
041 ## - LANGUAGE CODE
Language code of text/sound track or separate title spa
082 ## - DEWEY DECIMAL CLASSIFICATION NUMBER
Classification number 577
Item number C655i
año de publicación 2002
100 ## - MAIN ENTRY--PERSONAL NAME
Personal name Colinvaux A. Paul
Relator code aut.
245 #0 - TITLE STATEMENT
Title Introduccion a la ecologia/
Remainder of title Paul A. Colinvaux
260 ## - PUBLICATION, DISTRIBUTION, ETC. (IMPRINT)
Place of publication, distribution, etc Mexico:
Name of publisher, distributor, etc Limusa,
Date of publication, distribution, etc 2002
300 ## - PHYSICAL DESCRIPTION
Extent 679 p.;
Dimensions 25 cm.
505 ## - FORMATTED CONTENTS NOTE
Formatted contents note Parte 1. El aspecto ecológico de la geografía <br/>Parte 2. Animales y plantas como parte de los sistemas naturales <br/>Parte 3. La regulación natural de las poblaciones<br/>Parte 4. El patrón de la vida considerado desde el punto de vista de la evolución
650 ## - SUBJECT ADDED ENTRY--TOPICAL TERM
Source of heading or term LEMB
Topical term or geographic name as entry element Introducción
General subdivision Ecología
942 ## - ADDED ENTRY ELEMENTS (KOHA)
Koha item type Libros
Source of classification or shelving scheme Dewey Decimal Classification
Existencias
Withdrawn status Lost status Source of classification or shelving scheme Damaged status Not for loan Collection code Home library Current library Date acquired Total Checkouts Full call number Barcode Date last seen Copy number Price effective from Koha item type
    Dewey Decimal Classification     Colección General Biblioteca UPAN San Vicente Biblioteca UPAN San Vicente 09/08/2023   577 C655i 12003350 09/08/2023 01 09/08/2023 Libros
    Dewey Decimal Classification     Colección General Biblioteca UPAN San Vicente Biblioteca UPAN San Vicente 09/08/2023   577 C655i 12003349 09/08/2023 02 09/08/2023 Libros
    Dewey Decimal Classification     Colección General Biblioteca UPAN San Vicente Biblioteca UPAN San Vicente 09/08/2023   577 C655i 12001534 09/08/2023 03 09/08/2023 Libros